Λογοτεχνικές συναντήσεις

Saved in:
Bibliographic Details
Corporate Author: Σύνδεσμος Ελλήνων Κυπρίων Φιλολόγων (Ο.Ε.Λ.Μ.Ε.Κ.)
Other Authors: Μύαρης, Γιώργος Κ. (Editor)
Format: Book
Language:Greek
Published: Λευκωσία : Σύνδεσμος Ελλήνων Κυπρίων Φιλολόγων, 2009.
Subjects:
Tags: Add Tag
No Tags, Be the first to tag this record!

MARC

LEADER 00000cam a2200000 a 4500
001 1/122691
008 210218s2009####cy | ||| |||| ||gre||
020 |a 9789963779444 
040 |a GR-MyUa  |b gre  |c GR-MyUa  |e AACR2 
041 0 |a gre 
082 7 |a 889.107   |2 (23) 
245 0 0 |a Λογοτεχνικές συναντήσεις /   |c Κώστας Στεργιόπουλος ... [και ά.] ; επιμέλεια: Γιώργος Κ. Μύαρης ; Σύνδεσμος Ελλήνων Κυπρίων Φιλολόγων (Ο.Ε.Λ.Μ.Ε.Κ.).  
260 |a Λευκωσία :   |b Σύνδεσμος Ελλήνων Κυπρίων Φιλολόγων,   |c 2009.  
300 |a 307 σ. :   |b εικ., φωτ. ;   |c 21 εκ.  
500 |a Περιέχει υποσημειώσεις.  
504 |a Περιλαμβάνει βιβλιογραφικές παραπομπές.  
600 1 0 |a Στεργιόπουλος, Κώστας. 
600 1 0 |a Αργυρίου, Αλέξανδρος,   |d 1921-2009. 
600 1 0 |a Χαραλαμπίδης, Κυριάκος,   |d 1940- 
600 1 0 |a Πατρίκιος, Τίτος,   |d 1928- 
600 1 0 |a Vitti, Mario. 
650 0 |a Greek literature, Modern  |z Cyprus. 
650 0 |a Greek literature, Modern  |z Cyprus  |x History and critisism. 
700 1 |a Μύαρης, Γιώργος Κ.  |e edt 
710 2 |a Σύνδεσμος Ελλήνων Κυπρίων Φιλολόγων (Ο.Ε.Λ.Μ.Ε.Κ.) 
852 |a INST  |b RHODES  |e 20210218  |h 889.107 ΛΟΓ  |p 005400041935  |q 005400041935  |t BK  |y 0 
970 |a Μαρία  |b Κωτάκου  |z 18-02-2021